Top 10 nom de famille au québec - Statistiques

Statistiques générales
  • Ce quiz a été pris 237 fois
  • Le résultat moyen est 4 sur 10
Statistiques - réponses
Hint Réponse % Correct
1 Tremblay
85%
2 Gagnon
56%
4 Côté
46%
3 Roy
45%
5 Bouchard
41%
10 Gagné
35%
9 Fortin
27%
6 Gauthier
27%
7 Morin
27%
8 Lavoie
24%
Aucun quiz correspondant
Distribution des résultats
% des personnes avec chaque résultat
Percentile par nombre de réponses
Votre historique - résultats
Vous n’avez pas pris ce quiz